000 00544nam a2200217 a 4500
001 2573
005 20140414132031.0
008 040201s19uu xx 00 eng d
020 _a0-590-41100-4
050 _aTR
_bM27 1966
100 _aLittledale, Freya
245 _aThe magic fish /
_cFreya Littledale.
260 _aU.S.A :
_bScholastic,
_c1966.
300 _a32 p. ; cm.
500 _aTR/PS
650 _aWishes
_xFiction.
650 _aContentment
_xFiction.
650 _aChildren stories.
999 _c113635
_d113635